[Event "Tradewise Gibraltar 2014 - Masters"]
[Site "Gibraltar ENG"]
[Date "2014.01.30"]
[Round "3.1"]
[White "Fier, Alexandr"]
[Black "Adams, Michael"]
[Result "1/2-1/2"]
[WhiteElo "2572"]
[BlackElo "2754"]
[PlyCount "63"]
[EventDate "2014.01.28"]
[EventRounds "10"]
[EventCountry "ENG"]
[Source "lmi"]
[SourceDate "2014.01.28"]

1. d4 Nf6 2. c4 e6 3. Nc3 Bb4 4. f3 c5 5. d5 b5 6. e4 O-O 7. e5 Ne8 8. f4 d6 9.
Nf3 exd5 10. cxd5 Nc7 11. Bd3 f5 12. O-O c4 13. Bc2 Bb7 14. Kh1 Nba6 15. a4
Bxc3 16. bxc3 b4 17. Nd4 g6 18. cxb4 dxe5 19. Nxf5 gxf5 20. d6 Ne6 21. fxe5 Qh4
22. Bxf5 Rxf5 23. Rxf5 Kh8 24. d7 Rd8 25. Kg1 Nb8 26. Qd6 Qg4 27. Rg5 Qe4 28.
Bd2 Rxd7 29. Qxe6 Qd4+ 30. Kf1 Qd3+ 31. Kg1 Qd4+ 32. Kf1 1/2-1/2

[Event "Tradewise Gibraltar 2014 - Masters"]
[Site "Gibraltar ENG"]
[Date "2014.01.30"]
[Round "3.2"]
[White "Vachier-Lagrave, Maxime"]
[Black "Salem, A.R. Saleh"]
[Result "1-0"]
[WhiteElo "2745"]
[BlackElo "2564"]
[PlyCount "93"]
[EventDate "2014.01.28"]
[EventRounds "10"]
[EventCountry "ENG"]
[Source "lmi"]
[SourceDate "2014.01.28"]

1. Nf3 Nf6 2. g3 g6 3. Bg2 Bg7 4. c4 d5 5. cxd5 Nxd5 6. Nc3 Nc6 7. O-O O-O 8.
d4 Nxc3 9. bxc3 e5 10. d5 Na5 11. Nd2 Re8 12. Rb1 c6 13. dxc6 Nxc6 14. Qa4 Qc7
15. Ne4 Bf5 16. Rxb7 Qxb7 17. Nd6 Qc7 18. Qxc6 Qxc6 19. Bxc6 Re6 20. Bxa8 Rxd6
21. Be3 Be6 22. a4 Bc4 23. Rb1 Rd8 24. Bc6 a6 25. Kf1 f5 26. Ke1 h6 27. a5 g5
28. Rb4 Bf7 29. Ba7 Rd6 30. Ba8 Kh7 31. g4 Bd5 32. Bxd5 Rxd5 33. gxf5 e4 34.
Bd4 Bxd4 35. cxd4 Rxa5 36. Rb7+ Kg8 37. Rb6 Kg7 38. Rg6+ Kh7 39. Re6 Rxf5 40.
Rxe4 a5 41. Re7+ Kg6 42. Re6+ Kh5 43. h3 Rb5 44. e3 a4 45. Ra6 g4 46. hxg4+
Kxg4 47. Rxa4 1-0

[Event "Tradewise Gibraltar 2014 - Masters"]
[Site "Gibraltar ENG"]
[Date "2014.01.30"]
[Round "3.3"]
[White "Vitiugov, Nikita"]
[Black "Gopal, G.N."]
[Result "1/2-1/2"]
[WhiteElo "2737"]
[BlackElo "2550"]
[PlyCount "137"]
[EventDate "2014.01.28"]
[EventRounds "10"]
[EventCountry "ENG"]
[Source "lmi"]
[SourceDate "2014.01.28"]

1. d4 Nf6 2. Bg5 d5 3. e3 c6 4. Bd3 Bg4 5. Ne2 Nbd7 6. Nd2 e5 7. f3 Bh5 8. c3
Be7 9. Qc2 Qc7 10. Ng3 Bg6 11. Nf5 Bxf5 12. Bxf5 Ng8 13. Bxe7 Nxe7 14. Bxd7+
Kxd7 15. O-O Rad8 16. a4 Kc8 17. Nb3 g6 18. e4 f5 19. a5 fxe4 20. fxe4 Rhf8 21.
Rfe1 Rf7 22. Nc5 Rg8 23. exd5 exd4 24. d6 Qxd6 25. Nxb7 Qd7 26. Nc5 Qd5 27.
cxd4 Qxd4+ 28. Kh1 Rf2 29. Ne6 Rxc2 30. Nxd4 Rc4 31. Rxe7 Rxd4 32. Rc1 Kb8 33.
h3 Ra4 34. Rc5 h5 35. b3 Ra3 36. b4 Rb3 37. Rxc6 Rxb4 38. Rcc7 g5 39. a6 g4 40.
hxg4 hxg4 41. Kh2 g3+ 42. Kh3 Rb6 43. Rb7+ Rxb7 44. Rxb7+ Ka8 45. Rc7 Kb8 46.
Rc6 Rg7 47. Kh4 Rg8 48. Kh5 Rg7 49. Rc3 Rh7+ 50. Kg6 Rc7 51. Rxg3 Rc6+ 52. Kf7
Rxa6 53. Rb3+ Kc7 54. g4 Ra1 55. g5 Rf1+ 56. Kg8 Kc6 57. g6 a5 58. g7 Kc5 59.
Kh7 Rh1+ 60. Kg6 Rg1+ 61. Kf7 a4 62. Rb8 Kc4 63. g8=Q Rxg8 64. Rxg8 a3 65. Ke6
a2 66. Ra8 Kb3 67. Kd5 Kb2 68. Rxa2+ Kxa2 69. Ke4 1/2-1/2

[Event "Tradewise Gibraltar 2014 - Masters"]
[Site "Gibraltar ENG"]
[Date "2014.01.30"]
[Round "3.6"]
[White "Anton Guijarro, David"]
[Black "Harikrishna, Penteala"]
[Result "0-1"]
[WhiteElo "2557"]
[BlackElo "2706"]
[PlyCount "72"]
[EventDate "2014.01.28"]
[EventRounds "10"]
[EventCountry "ENG"]
[Source "lmi"]
[SourceDate "2014.01.28"]

1. d4 Nf6 2. c4 c6 3. Nf3 d5 4. e3 g6 5. Nc3 Bg7 6. Be2 O-O 7. O-O Bg4 8. h3
Bxf3 9. Bxf3 e6 10. b3 Nbd7 11. Ba3 Re8 12. Bd6 Nb6 13. Bg3 dxc4 14. Rb1 cxb3
15. Qxb3 Nfd5 16. Ne4 e5 17. Rfd1 Qe7 18. Nc5 exd4 19. exd4 Bxd4 20. Nxb7 Bxf2+
21. Bxf2 Qxb7 22. Bxd5 cxd5 23. Bxb6 axb6 24. Qxb6 Qxb6+ 25. Rxb6 Rxa2 26. Rxd5
Ree2 27. Rg5 Kg7 28. Rb7 Kh6 29. Rg3 f5 30. Rf7 Re1+ 31. Kh2 Rf1 32. Rb3 Rff2
33. Rg3 g5 34. Kg1 Kg6 35. Rb7 f4 36. Rg4 Rfb2 0-1

[Event "Tradewise Gibraltar 2014 - Masters"]
[Site "Gibraltar ENG"]
[Date "2014.01.30"]
[Round "3.7"]
[White "Navara, David"]
[Black "Libiszewski, Fabien"]
[Result "1-0"]
[WhiteElo "2702"]
[BlackElo "2533"]
[PlyCount "93"]
[EventDate "2014.01.28"]
[EventRounds "10"]
[EventCountry "ENG"]
[Source "lmi"]
[SourceDate "2014.01.28"]

1. e4 c5 2. Nf3 Nc6 3. Bb5 g6 4. Bxc6 bxc6 5. O-O Bg7 6. c3 Nf6 7. Re1 O-O 8.
h3 d6 9. d4 cxd4 10. cxd4 c5 11. dxc5 dxc5 12. Qc2 Bb7 13. Nc3 Qc7 14. Bg5 Rfd8
15. Rac1 Rac8 16. Qe2 h6 17. Bh4 c4 18. Red1 Rxd1+ 19. Rxd1 Nh5 20. Ne1 Qe5 21.
Rd7 Rc7 22. Nf3 Qa5 23. Qd2 Kh7 24. Bxe7 Bxe4 25. Bd8 Rxd7 26. Qxd7 Qf5 27.
Qxf5 gxf5 28. Nxe4 fxe4 29. Nd2 Bxb2 30. Nxc4 Bd4 31. Kf1 Kg6 32. Nd6 e3 33.
Nb5 Bc5 34. fxe3 Ng3+ 35. Kf2 Nf5 36. Kf3 Nxe3 37. Bh4 Nd5 38. Ke4 Nb4 39. a4
f5+ 40. Ke5 Kh5 41. Bg3 Kg6 42. a5 a6 43. Nc7 Bf8 44. Ke6 Bg7 45. Be1 Bf8 46.
Bd2 h5 47. Kd7 1-0

[Event "Tradewise Gibraltar 2014 - Masters"]
[Site "Gibraltar ENG"]
[Date "2014.01.30"]
[Round "3.8"]
[White "Oparin, Grigoriy"]
[Black "Rodshtein, Maxim"]
[Result "0-1"]
[WhiteElo "2517"]
[BlackElo "2682"]
[PlyCount "112"]
[EventDate "2014.01.28"]
[EventRounds "10"]
[EventCountry "ENG"]
[Source "lmi"]
[SourceDate "2014.01.28"]

1. e4 e6 2. d4 d5 3. Nc3 Nf6 4. e5 Nfd7 5. f4 c5 6. Nf3 Be7 7. Be3 O-O 8. dxc5
Bxc5 9. Bxc5 Nxc5 10. b4 Ncd7 11. Bd3 f6 12. Qe2 fxe5 13. fxe5 Nc6 14. O-O Nxb4
15. Rab1 Nxd3 16. cxd3 b6 17. Nb5 Ba6 18. Nd6 Nc5 19. Rfd1 Ne4 20. Nxe4 dxe4
21. Qxe4 Qe7 22. Qb4 Qd7 23. Qd4 Rad8 24. Qxd7 Rxd7 25. Rb3 Bb7 26. Kf2 Rdf7
27. d4 Bd5 28. Ra3 Rc8 29. Ke3 h6 30. Ne1 g5 31. Rd2 Rc1 32. Nd3 Rg1 33. Rc3
Rxg2 34. Rxg2 Bxg2 35. Rc8+ Rf8 36. Rc7 a5 37. Nf2 Rf4 38. Rc8+ Kf7 39. Rb8
Rf3+ 40. Ke2 Ra3 41. Rxb6 Rxa2+ 42. Ke3 h5 43. Nd1 Bh1 44. Ra6 Rxh2 45. Rxa5
Rh3+ 46. Kd2 Bf3 47. Ne3 Rh2+ 48. Kd3 Rb2 49. Rc5 Rb3+ 50. Kd2 h4 51. Rc7+ Kg6
52. Re7 Rb6 53. Re8 h3 54. Rh8 g4 55. Nf1 Rb1 56. Ng3 h2 0-1

[Event "Tradewise Gibraltar 2014 - Masters"]
[Site "Gibraltar ENG"]
[Date "2014.01.30"]
[Round "3.9"]
[White "Li, Chao B"]
[Black "Muzychuk, Mariya"]
[Result "1-0"]
[WhiteElo "2680"]
[BlackElo "2503"]
[PlyCount "71"]
[EventDate "2014.01.28"]
[EventRounds "10"]
[EventCountry "ENG"]
[Source "lmi"]
[SourceDate "2014.01.28"]

1. d4 d5 2. c4 c6 3. cxd5 cxd5 4. Bf4 Nc6 5. e3 Nf6 6. Nc3 Bg4 7. Qb3 Na5 8.
Qa4+ Bd7 9. Qc2 Rc8 10. Bd3 e6 11. Nf3 b5 12. Qe2 a6 13. O-O Be7 14. Ne5 O-O
15. Rfc1 Be8 16. Rc2 Nd7 17. Nf3 Nb6 18. Rac1 Nac4 19. e4 dxe4 20. Qxe4 g6 21.
Bh6 Bc6 22. Qe2 Bxf3 23. Qxf3 Re8 24. Be4 Qxd4 25. Bb7 Rcd8 26. Bxa6 b4 27. Ne4
Ne5 28. Qe2 Nd3 29. Rf1 f5 30. Ng3 f4 31. Qxe6+ Kh8 32. Ne2 Qf6 33. Qxf6+ Bxf6
34. Rc6 Bh4 35. Bxd3 Rxd3 36. Nxf4 1-0

[Event "Tradewise Gibraltar 2014 - Masters"]
[Site "Gibraltar ENG"]
[Date "2014.01.30"]
[Round "3.10"]
[White "Gordon, Stephen J"]
[Black "Movsesian, Sergei"]
[Result "0-1"]
[WhiteElo "2516"]
[BlackElo "2677"]
[PlyCount "80"]
[EventDate "2014.01.28"]
[EventRounds "10"]
[EventCountry "ENG"]
[Source "lmi"]
[SourceDate "2014.01.28"]

1. d4 Nf6 2. c4 e6 3. Nc3 Bb4 4. Qc2 O-O 5. Nf3 d5 6. cxd5 exd5 7. Bg5 h6 8.
Bh4 c5 9. dxc5 Be6 10. e3 Nbd7 11. a3 Bxc5 12. Bd3 Rc8 13. O-O Be7 14. Nd4 Nc5
15. Nce2 Nfd7 16. Bxe7 Qxe7 17. Qb1 Ne5 18. Bh7+ Kh8 19. Bc2 Nc4 20. Re1 Bg4
21. Nf4 Qe5 22. Nd3 Qg5 23. Nxc5 Rxc5 24. Bd1 Bh3 25. Bf3 Ne5 26. Qd1 Rfc8 27.
g3 Qg6 28. b4 R5c7 29. Bh5 Qf6 30. Be2 Rc3 31. Bf1 Bg4 32. Qa4 Bf3 33. Qxa7 Be4
34. Bg2 Rc2 35. Nxc2 Nf3+ 36. Kh1 Nxe1 37. Rxe1 Qxf2 38. Bxe4 dxe4 39. Qxb7
Qf3+ 40. Kg1 Rxc2 0-1

[Event "Tradewise Gibraltar 2014 - Masters"]
[Site "Gibraltar ENG"]
[Date "2014.01.30"]
[Round "3.11"]
[White "Xu, Jun"]
[Black "Cheparinov, Ivan"]
[Result "1/2-1/2"]
[WhiteElo "2510"]
[BlackElo "2672"]
[PlyCount "76"]
[EventDate "2014.01.28"]
[EventRounds "10"]
[EventCountry "ENG"]
[Source "lmi"]
[SourceDate "2014.01.28"]

1. Nf3 Nf6 2. c4 g6 3. Nc3 Bg7 4. e4 d6 5. d4 O-O 6. Be2 e5 7. Be3 exd4 8. Nxd4
Re8 9. f3 c6 10. O-O d5 11. cxd5 Nxd5 12. Nxd5 cxd5 13. Rc1 a5 14. Rc5 dxe4 15.
Bc4 Bxd4 16. Qxd4 Qxd4 17. Bxd4 Nc6 18. fxe4 Be6 19. Bf6 Bxc4 20. Rxc4 Re6 21.
Rf4 Rae8 22. a3 h6 23. h4 h5 24. Bc3 Kf8 25. Bf6 Kg8 26. Bc3 Kf8 27. Bf6 Rc8
28. Rc5 Ke8 29. Rb5 Rb8 30. g4 hxg4 31. h5 gxh5 32. Rxh5 Kd7 33. Rh7 Rf8 34.
Bc3 Ke7 35. Bg7 Re8 36. Bc3 Rf8 37. Bg7 Re8 38. Bc3 Rf8 1/2-1/2

[Event "Tradewise Gibraltar 2014 - Masters"]
[Site "Gibraltar ENG"]
[Date "2014.01.30"]
[Round "3.12"]
[White "Edouard, Romain"]
[Black "Popilski, Gil"]
[Result "1-0"]
[WhiteElo "2658"]
[BlackElo "2492"]
[PlyCount "81"]
[EventDate "2014.01.28"]
[EventRounds "10"]
[EventCountry "ENG"]
[Source "lmi"]
[SourceDate "2014.01.28"]

1. d4 Nf6 2. c4 g6 3. g3 Bg7 4. Bg2 d5 5. cxd5 Nxd5 6. Nf3 Nb6 7. Nc3 Nc6 8. e3
O-O 9. O-O Re8 10. a3 e5 11. d5 Na5 12. Qc2 c6 13. b4 Nac4 14. dxc6 bxc6 15.
Ne4 Be6 16. Rd1 Qe7 17. Nfd2 Rad8 18. Rb1 Bd5 19. Bf1 Bh6 20. Re1 Nxd2 21. Nxd2
f5 22. Bb2 Rd7 23. Ba1 Red8 24. a4 Qe6 25. a5 Nc8 26. Qc3 Re8 27. b5 Rb7 28.
Rec1 Nd6 29. bxc6 Rc7 30. Bg2 Bxg2 31. Kxg2 Bg7 32. Nf3 Rec8 33. Qb3 Qxb3 34.
Rxb3 e4 35. Nd4 Kf7 36. Bb2 Bf6 37. Rc5 Ke7 38. Rbc3 Kf7 39. Ba3 Be7 40. Re5
Bf8 41. Rd5 1-0

[Event "Tradewise Gibraltar 2014 - Masters"]
[Site "Gibraltar ENG"]
[Date "2014.01.30"]
[Round "3.13"]
[White "Agdestein, Simen"]
[Black "Tan, Zhongyi"]
[Result "1/2-1/2"]
[WhiteElo "2627"]
[BlackElo "2483"]
[PlyCount "78"]
[EventDate "2014.01.28"]
[EventRounds "10"]
[EventCountry "ENG"]
[Source "lmi"]
[SourceDate "2014.01.28"]

1. e4 c5 2. Nf3 Nc6 3. Bb5 d6 4. O-O Bd7 5. Re1 Nf6 6. c3 a6 7. Bf1 Bg4 8. h3
Bxf3 9. Qxf3 e6 10. Qg3 Nh5 11. Qe3 Be7 12. Na3 O-O 13. Nc2 Bg5 14. Qe2 Nf6 15.
g3 d5 16. h4 Bh6 17. e5 Nd7 18. f4 c4 19. d4 cxd3 20. Qxd3 Nc5 21. Qf3 f6 22.
exf6 Qxf6 23. Ne3 Ne5 24. Qh5 Nf7 25. Ng4 Qd8 26. Bg2 Kh8 27. Be3 Nd3 28. Bd4
Bxf4 29. Rxe6 Bxg3 30. Nf6 Nh6 31. Rf1 Bf4 32. Rxf4 Nxf4 33. Qxh6 Rxf6 34. Bxf6
Nxe6 35. Bxd8 gxh6 36. Bf6+ Kg8 37. Bxd5 Kf7 38. Be5 Rg8+ 39. Kf2 b5 1/2-1/2

[Event "Tradewise Gibraltar 2014 - Masters"]
[Site "Gibraltar ENG"]
[Date "2014.01.30"]
[Round "3.14"]
[White "Wei, Yi"]
[Black "Henrichs, Thomas"]
[Result "0-1"]
[WhiteElo "2607"]
[BlackElo "2477"]
[PlyCount "74"]
[EventDate "2014.01.28"]
[EventRounds "10"]
[EventCountry "ENG"]
[Source "lmi"]
[SourceDate "2014.01.28"]

1. e4 c5 2. Nf3 d6 3. d4 cxd4 4. Nxd4 Nf6 5. Nc3 a6 6. Bc4 e6 7. O-O b5 8. Bb3
Be7 9. Qf3 Qb6 10. Be3 Qb7 11. Qg3 O-O 12. f3 Kh8 13. Rad1 Nbd7 14. a3 Nc5 15.
Ba2 Qc7 16. Kh1 Rb8 17. b4 Ncd7 18. Nde2 Bb7 19. Bd4 Rbc8 20. Bb3 Qb8 21. Qh3
Ne5 22. g4 Kg8 23. g5 Nfd7 24. f4 Nc4 25. Rf3 Rfe8 26. Bxg7 Kxg7 27. Qh6+ Kh8
28. Rh3 Nf8 29. Nd5 exd5 30. f5 d4 31. Ng3 Bxe4+ 32. Nxe4 Qb7 33. Rh4 Bxg5 34.
Qxg5 Rxe4 35. Qf6+ Kg8 36. Qg5+ Ng6 37. Qg2 Re1+ 0-1

[Event "Tradewise Gibraltar 2014 - Masters"]
[Site "Gibraltar ENG"]
[Date "2014.01.30"]
[Round "3.15"]
[White "Debashis, Das"]
[Black "Van Kampen, Robin"]
[Result "1/2-1/2"]
[WhiteElo "2494"]
[BlackElo "2602"]
[PlyCount "81"]
[EventDate "2014.01.28"]
[EventRounds "10"]
[EventCountry "ENG"]
[Source "lmi"]
[SourceDate "2014.01.28"]

1. d4 Nf6 2. c4 e6 3. Nc3 Bb4 4. e3 O-O 5. Bd3 c5 6. Nf3 b6 7. O-O Bb7 8. Na4
cxd4 9. exd4 Re8 10. Bf4 Bxf3 11. Qxf3 Nc6 12. Be5 Rc8 13. Rad1 Bf8 14. Nc3 d6
15. Bg3 g6 16. Bc2 e5 17. Bh4 Be7 18. dxe5 Nxe5 19. Qh3 Nh5 20. Bxe7 Qxe7 21.
Nd5 Qe6 22. Qxe6 fxe6 23. Ne3 Red8 24. Rd4 Nc6 25. Rd2 e5 26. Nd5 Kg7 27. f4
Rf8 28. fxe5 Rxf1+ 29. Kxf1 dxe5 30. Be4 Nd4 31. b3 Nf6 32. Nxf6 Kxf6 33. Rf2+
Ke7 34. Ke1 Ne6 35. Ke2 Rd8 36. Rf1 Rd4 37. Ke3 a5 38. g3 a4 39. Bd5 b5 40.
Bxe6 Kxe6 41. cxb5 1/2-1/2

[Event "Tradewise Gibraltar 2014 - Masters"]
[Site "Gibraltar ENG"]
[Date "2014.01.31"]
[Round "4.1"]
[White "Movsesian, Sergei"]
[Black "Vachier-Lagrave, Maxime"]
[Result "1/2-1/2"]
[WhiteElo "2677"]
[BlackElo "2745"]
[PlyCount "65"]
[EventDate "2014.01.28"]
[EventRounds "10"]
[EventCountry "ENG"]
[Source "lmi"]
[SourceDate "2014.01.28"]

1. e4 c5 2. Nf3 d6 3. d4 cxd4 4. Nxd4 Nf6 5. Nc3 a6 6. Be2 e5 7. Nb3 Be7 8. O-O
O-O 9. Re1 Be6 10. Bf3 Nbd7 11. a4 Qb8 12. Nd2 Bd8 13. Nf1 Ba5 14. Bd2 Qc7 15.
Ne3 Rac8 16. h3 Bxc3 17. Bxc3 Nc5 18. Ng4 Nxg4 19. hxg4 Qc6 20. Bb4 Rfd8 21. b3
f6 22. Qe2 Bf7 23. Qe3 Ne6 24. c3 b6 25. a5 b5 26. Bd1 Ng5 27. Bc2 d5 28. exd5
Bxd5 29. f3 Bf7 30. Rad1 Bg6 31. Bf5 Bxf5 32. gxf5 h5 33. Qb6 1/2-1/2

[Event "Tradewise Gibraltar 2014 - Masters"]
[Site "Gibraltar ENG"]
[Date "2014.01.31"]
[Round "4.2"]
[White "Harikrishna, Penteala"]
[Black "Edouard, Romain"]
[Result "1/2-1/2"]
[WhiteElo "2706"]
[BlackElo "2658"]
[PlyCount "143"]
[EventDate "2014.01.28"]
[EventRounds "10"]
[EventCountry "ENG"]
[Source "lmi"]
[SourceDate "2014.01.28"]

1. e4 e6 2. d4 d5 3. Nc3 Bb4 4. exd5 exd5 5. Bd3 Nc6 6. a3 Ba5 7. Be3 Nge7 8.
Qf3 Be6 9. Nge2 Qd7 10. O-O Bg4 11. Qg3 O-O 12. Nf4 Bxc3 13. bxc3 Kh8 14. c4
Bf5 15. cxd5 Nxd5 16. Bxf5 Qxf5 17. Nxd5 Qxd5 18. c4 Qxc4 19. Qxc7 Rab8 20.
Rfc1 Qe6 21. Rc5 Rfd8 22. d5 Qe5 23. Qxe5 Nxe5 24. d6 f6 25. Rd1 Rd7 26. Rc7
Rbd8 27. Rxd7 Nxd7 28. Rc1 Nf8 29. Bxa7 Rxd6 30. Kf1 Ne6 31. Rc8+ Rd8 32. Rxd8+
Nxd8 33. Ke2 Nc6 34. Be3 Kg8 35. Kd3 Kf7 36. Kc4 Ke6 37. Kc5 Kd7 38. Bf4 Ne7
39. Bd2 Ng6 40. h3 Ne5 41. f4 Nc6 42. Bb4 Kc7 43. g4 Ne7 44. Kd4 Nc6+ 45. Kd5
Kd7 46. Bf8 g6 47. Bb4 Nd8 48. f5 gxf5 49. gxf5 Nf7 50. Bc3 Nd6 51. Bxf6 Nxf5
52. Bg5 Nd6 53. a4 Nc8 54. Be3 Nd6 55. Bc5 Nf7 56. h4 h5 57. Bd4 Nh6 58. Ke5
Ng4+ 59. Kf4 Ke6 60. Kg5 Nh2 61. Kf4 Ng4 62. a5 Nh6 63. Kg5 Nf5 64. Ba7 Nxh4
65. Kxh4 Kd7 66. Kxh5 b6 67. axb6 Kc6 68. Kg5 Kb7 69. Kf5 Ka8 70. Ke5 Kb7 71.
Kd5 Ka8 72. Ke4 1/2-1/2

[Event "Tradewise Gibraltar 2014 - Masters"]
[Site "Gibraltar ENG"]
[Date "2014.01.31"]
[Round "4.3"]
[White "Mareco, Sandro"]
[Black "Navara, David"]
[Result "1-0"]
[WhiteElo "2582"]
[BlackElo "2702"]
[PlyCount "71"]
[EventDate "2014.01.28"]
[EventRounds "10"]
[EventCountry "ENG"]
[Source "lmi"]
[SourceDate "2014.01.28"]

1. d4 Nf6 2. c4 g6 3. Nf3 Bg7 4. g3 d5 5. cxd5 Nxd5 6. Bg2 Nb6 7. Nc3 Nc6 8. e3
O-O 9. O-O Re8 10. Nh4 e5 11. d5 Na5 12. Rb1 h6 13. Qc2 Bg4 14. b3 Rc8 15. h3
Bd7 16. Bd2 c6 17. d6 c5 18. Nd5 Nc6 19. Nc7 Rf8 20. Qxc5 g5 21. Nf3 Bf5 22.
Rbc1 Qd7 23. Bc3 Bxh3 24. Nxe5 Bxe5 25. Bxe5 Bxg2 26. Kxg2 Qf5 27. Ba1 Qxc5 28.
Rxc5 Rfd8 29. Rh1 Rxd6 30. Rxg5+ Kf8 31. Nb5 Re6 32. Bg7+ Ke7 33. Rxh6 f6 34.
Rgg6 Nd7 35. Rh7 Kf7 36. Rg4 1-0

[Event "Tradewise Gibraltar 2014 - Masters"]
[Site "Gibraltar ENG"]
[Date "2014.01.31"]
[Round "4.4"]
[White "Rodshtein, Maxim"]
[Black "Dvirnyy, Danyyil"]
[Result "1-0"]
[WhiteElo "2682"]
[BlackElo "2574"]
[PlyCount "75"]
[EventDate "2014.01.28"]
[EventRounds "10"]
[EventCountry "ENG"]
[Source "lmi"]
[SourceDate "2014.01.28"]

1. e4 e5 2. Nf3 Nc6 3. Bb5 a6 4. Ba4 Nf6 5. O-O b5 6. Bb3 Bc5 7. a4 Rb8 8. c3
d6 9. d4 Bb6 10. axb5 axb5 11. Na3 Bg4 12. Nxb5 O-O 13. Bc2 Bxf3 14. gxf3 Nh5
15. f4 Nxf4 16. Bxf4 exf4 17. Qg4 Qf6 18. Ra6 g6 19. Kh1 Nd8 20. b4 Ne6 21. Bb3
h5 22. Qg2 Kg7 23. Rg1 f3 24. Qg3 Ra8 25. Rxa8 Rxa8 26. Re1 h4 27. Qg4 Qg5 28.
Bxe6 Qxb5 29. Rg1 Qe8 30. Bd7 Qe7 31. Bf5 Qf6 32. e5 dxe5 33. dxe5 Qxe5 34.
Bxg6 Bxf2 35. Be4+ Kf8 36. Qg8+ Ke7 37. Bxa8 Bxg1 38. Qxg1 1-0

[Event "Tradewise Gibraltar 2014 - Masters"]
[Site "Gibraltar ENG"]
[Date "2014.01.31"]
[Round "4.5"]
[White "Henrichs, Thomas"]
[Black "Li, Chao B"]
[Result "0-1"]
[WhiteElo "2477"]
[BlackElo "2680"]
[PlyCount "73"]
[EventDate "2014.01.28"]
[EventRounds "10"]
[EventCountry "ENG"]
[Source "lmi"]
[SourceDate "2014.01.28"]

1. d4 Nf6 2. c4 g6 3. Nc3 d5 4. cxd5 Nxd5 5. e4 Nxc3 6. bxc3 Bg7 7. Nf3 c5 8.
Be3 Bg4 9. Rc1 O-O 10. Be2 Qa5 11. Qd2 Nd7 12. d5 c4 13. h3 Bxf3 14. Bxf3 Nc5
15. O-O Rfd8 16. Rc2 Rac8 17. Rb1 b5 18. Bxc5 Rxc5 19. Qe3 Qc7 20. Rcb2 a6 21.
a4 bxa4 22. Rb7 Qa5 23. e5 Rc7 24. e6 Rxb7 25. exf7+ Kxf7 26. Rxb7 Bf6 27. Be2
Qxd5 28. Rb4 Qd7 29. Bxc4+ Kg7 30. g4 h6 31. Ba2 a3 32. Re4 Qb7 33. h4 Rd1+ 34.
Kh2 g5 35. Qe2 Ra1 36. Be6 a2 37. Qf3 0-1

[Event "Tradewise Gibraltar 2014 - Masters"]
[Site "Gibraltar ENG"]
[Date "2014.01.31"]
[Round "4.6"]
[White "Adams, Michael"]
[Black "Lenderman, Aleksandr"]
[Result "1/2-1/2"]
[WhiteElo "2754"]
[BlackElo "2562"]
[PlyCount "126"]
[EventDate "2014.01.28"]
[EventRounds "10"]
[EventCountry "ENG"]
[Source "lmi"]
[SourceDate "2014.01.28"]

1. e4 c6 2. d4 d5 3. Nd2 dxe4 4. Nxe4 Bf5 5. Ng3 Bg6 6. h4 h6 7. Nf3 Nd7 8. h5
Bh7 9. Bd3 Bxd3 10. Qxd3 e6 11. Bd2 Ngf6 12. O-O-O Be7 13. Kb1 Qb6 14. Ne4 Rd8
15. c4 c5 16. d5 Nxe4 17. Qxe4 Bf6 18. Bc1 O-O 19. dxe6 Qxe6 20. Qxe6 fxe6 21.
Rhe1 Kf7 22. Bf4 Nb6 23. Bd6 Rfe8 24. b3 Nd5 25. Be5 Nb4 26. Rxd8 Rxd8 27. a3
Nd3 28. Re2 Nxe5 29. Nxe5+ Bxe5 30. Rxe5 b6 31. Kc2 Rd4 32. g3 Rg4 33. Kd3 Kf6
34. Re1 e5 35. Ke3 Kf5 36. Rh1 a6 37. a4 a5 38. Ke2 Kg5 39. Ke3 Kf5 40. Ke2
Re4+ 41. Kf3 Rd4 42. Ke2 Kg5 43. Ke3 e4 44. g4 Kxg4 45. Rg1+ Kf5 46. Rxg7 Rd3+
47. Ke2 Rxb3 48. Rg6 Rb4 49. Rxh6 Kg5 50. Rc6 Kxh5 51. Ke3 Rxa4 52. Rxb6 Rxc4
53. Ra6 a4 54. Kf4 Rb4 55. Ra5 Kg6 56. Rxc5 Kf6 57. Ra5 Ke6 58. f3 exf3+ 59.
Kxf3 Kd6 60. Ke3 Kc6 61. Kd3 Kb6 62. Ra8 Kb7 63. Ra5 Kb6 1/2-1/2

[Event "Tradewise Gibraltar 2014 - Masters"]
[Site "Gibraltar ENG"]
[Date "2014.01.31"]
[Round "4.8"]
[White "Vocaturo, Daniele"]
[Black "Vitiugov, Nikita"]
[Result "0-1"]
[WhiteElo "2582"]
[BlackElo "2737"]
[PlyCount "116"]
[EventDate "2014.01.28"]
[EventRounds "10"]
[EventCountry "ENG"]
[Source "lmi"]
[SourceDate "2014.01.28"]

1. d4 Nf6 2. c4 e6 3. Nc3 Bb4 4. Nf3 b6 5. Bd2 Bb7 6. e3 O-O 7. Bd3 c5 8. a3
Bxc3 9. Bxc3 d6 10. dxc5 bxc5 11. Qc2 Nbd7 12. Rd1 Qe7 13. O-O a5 14. e4 e5 15.
Nh4 g6 16. g3 Nb8 17. f4 Nc6 18. Qf2 Nd7 19. f5 Nd4 20. f6 Qd8 21. Ng2 Re8 22.
g4 Re6 23. g5 h5 24. Qh4 Nf8 25. Ne3 Re8 26. Rf2 Nfe6 27. Ng2 Qb6 28. Bxd4 Nxd4
29. Be2 Nxe2+ 30. Rxe2 Ba6 31. Ne3 Qb3 32. Rc1 Qd3 33. Kf2 Rab8 34. Rd1 Qb3 35.
Rc2 Rb6 36. Qh3 Bc8 37. Qf1 Be6 38. Qd3 Qa4 39. Rdd2 Rd8 40. Rc3 Rdb8 41. Qc2
Qc6 42. Kf3 Qb7 43. Rcd3 Rxb2 44. Qxb2 Qxb2 45. Rxb2 Rxb2 46. Rxd6 Rxh2 47. Nd5
Rh3+ 48. Kf2 h4 49. Nc7 Bxc4 50. Nd5 Rg3 51. Rd8+ Kh7 52. Rf8 Rxg5 53. Rxf7+
Kg8 54. Rg7+ Kf8 55. Nb6 Bb5 56. Rc7 h3 57. Nc8 Rg2+ 58. Kf3 g5 0-1

[Event "Tradewise Gibraltar 2014 - Masters"]
[Site "Gibraltar ENG"]
[Date "2014.01.31"]
[Round "4.9"]
[White "Eljanov, Pavel"]
[Black "Maze, Sebastien"]
[Result "1/2-1/2"]
[WhiteElo "2733"]
[BlackElo "2536"]
[PlyCount "153"]
[EventDate "2014.01.28"]
[EventRounds "10"]
[EventCountry "ENG"]
[Source "lmi"]
[SourceDate "2014.01.28"]

1. Nf3 Nf6 2. c4 g6 3. Nc3 Bg7 4. e4 d6 5. d4 O-O 6. Be2 c5 7. O-O Re8 8. h3
cxd4 9. Nxd4 Nbd7 10. Re1 b6 11. Bf1 Bb7 12. g3 Rc8 13. b3 Qc7 14. Bb2 Qb8 15.
Bg2 a6 16. Qd2 Qa8 17. Rad1 h5 18. Re2 e6 19. Qe1 Qb8 20. Ba1 Bh6 21. Bb2 Red8
22. Nc2 h4 23. g4 Bf4 24. Nb4 Nc5 25. Ncd5 Nxd5 26. exd5 e5 27. Nc6 Qc7 28.
Nxd8 Qxd8 29. Qc3 Qg5 30. Bc1 Bxc1 31. Qxc1 Qxc1 32. Rxc1 Nd3 33. Rc3 Nf4 34.
Ree3 a5 35. Bf1 Kf8 36. a3 Ke7 37. b4 a4 38. f3 f6 39. Kf2 Kd7 40. Ke1 b5 41.
cxb5 Nxd5 42. Rxc8 Kxc8 43. Re2 g5 44. Rc2+ Kd8 45. Kf2 Nb6 46. Bd3 d5 47. Bf5
Ba8 48. Rc5 Bb7 49. Ke2 Ba8 50. Kf2 Bb7 51. Ke1 Ba8 52. Kd1 Bb7 53. Kc2 Ba8 54.
Kc1 Bb7 55. Kd1 Ba8 56. Ke2 Bb7 57. Kf2 Ba8 58. Rc1 Bb7 59. Re1 Kc7 60. Re2 Ba8
61. f4 Kd6 62. fxe5+ fxe5 63. Rc2 d4 64. Bg6 e4 65. Bf7 e3+ 66. Ke2 Be4 67. Rc5
Nd7 68. Bg6 Bd5 69. Rc8 Nb6 70. Re8 Bc4+ 71. Bd3 Be6 72. Kf3 Bd5+ 73. Be4 Kd7
74. Re5 Kd6 75. Re8 Kd7 76. Re5 Kd6 77. Re8 1/2-1/2

[Event "Tradewise Gibraltar 2014 - Masters"]
[Site "Gibraltar ENG"]
[Date "2014.01.31"]
[Round "4.13"]
[White "Rapport, Richard"]
[Black "Gallagher, Joseph G"]
[Result "1-0"]
[WhiteElo "2691"]
[BlackElo "2495"]
[PlyCount "61"]
[EventDate "2014.01.28"]
[EventRounds "10"]
[EventCountry "ENG"]
[Source "lmi"]
[SourceDate "2014.01.28"]

1. d4 Nf6 2. c4 g6 3. Nc3 Bg7 4. e4 d6 5. Be2 O-O 6. h4 e5 7. d5 c6 8. h5 cxd5
9. exd5 Qd7 10. hxg6 fxg6 11. Nf3 Qe7 12. Ng5 e4 13. Be3 Na6 14. Qd2 Nc5 15.
O-O-O Bd7 16. Rde1 Bf5 17. g4 Nxg4 18. Bxc5 dxc5 19. Bxg4 e3 20. Qxe3 Qxe3+ 21.
fxe3 Bxg4 22. Rxh7 Rf2 23. Rg1 Bf5 24. e4 Bd7 25. d6 Raf8 26. e5 Rf1+ 27. Rxf1
Rxf1+ 28. Kd2 Rg1 29. Rxg7+ Kxg7 30. e6 Rg2+ 31. Ne2 1-0